| Tag |
First Indicator |
Second Indicator |
Subfields |
| LEADER |
00000cam a2200000 4500 |
| 001 |
in00000024608 |
| 005 |
20151007062425.0 |
| 008 |
730531s1945 nyu 00011 eng u |
| 010 |
|
|
|a 45008596
|
| 035 |
|
|
|a (OCoLC)00634482
|
| 035 |
|
|
|9 AAD4846AM
|
| 040 |
|
|
|c KSU
|d TXA
|d UtOrBLW
|
| 049 |
|
|
|a TXAM
|c [130866]
|
| 050 |
|
0 |
|a PZ3.G4656
|b Ju
|
| 090 |
|
|
|a PS3513.L35
|b J82 1945
|
| 092 |
|
|
|a 813
|b G5483j
|
| 100 |
1 |
|
|a Glaspell, Susan,
|d 1882-1948.
|
| 245 |
1 |
0 |
|a Judd Rankin's daughter /
|c by Susan Glaspell.
|
| 264 |
|
1 |
|a Philadelphia
|a New York :
|b J. B. Lippincott company,
|c [1945]
|
| 264 |
|
4 |
|c ©1945
|
| 300 |
|
|
|a 254 pages ;
|c 21 cm.
|
| 336 |
|
|
|a text
|b txt
|2 rdacontent
|
| 337 |
|
|
|a unmediated
|b n
|2 rdamedia
|
| 338 |
|
|
|a volume
|b nc
|2 rdacarrier
|
| 999 |
|
|
|a MARS
|
| 999 |
f |
f |
|s 7f11ccbd-986d-39f7-adfe-1ed5315c3810
|i ad46fa83-ff87-3cf0-8dcb-4244d6069fee
|t 0
|
| 952 |
f |
f |
|p ric
|a Texas A&M University
|b Rellis Campus
|c Joint Library Facility
|d Remote Storage
|t 0
|e PS3513.L35 J82 1945
|h Library of Congress classification
|i unmediated -- volume
|m A14801238386
|
| 998 |
f |
f |
|a PS3513.L35 J82 1945
|t 0
|l Remote Storage
|